Pętle autobusowe we Wrocławiu - Statystyki

Ogólne statystyki
  • Ten quiz został rozwiązany 302 razy
  • Średni wynik to 37 z 73
Statystyki odpowiedzi
Linie Pętla % Poprawnych
A, 107, 112, 113, 612 (linia dowozowa) Krzyki
80%
112, 113 Dworzec Główny
75%
C, 126, 136 Kozanów
71%
101, 117, 123, 137, 138, 148 Leśnica
70%
122 Nowy Dwór
70%
122, 612 (linia dowozowa) Dworzec Autobusowy
69%
106, 129 Port Lotniczy
68%
110, 114, 120 Galeria Dominikańska
67%
C, 116, 149 Plac Grunwaldzki
67%
118 (czasem), 145 Sępolno
67%
K, 100, 146 Gaj - Pętla
66%
N, 131, 150 Litewska
66%
110, 145 Iwiny - rondo
65%
D, 111, 130, 150 Osiedle Sobieskiego
65%
125, 133 Brochów
63%
146 Bartoszowice
62%
105, 132 Kromera
62%
A Koszarowa (Szpital)
61%
136, 143 Tarnogaj
61%
132 Oporów
59%
N Petrusewicza
59%
D Giełdowa (Centrum Hurtu)
58%
128 Zakrzów
58%
111, 141 Kminkowa
57%
128 Pilczyce
56%
116, 119 Sołtysowice
56%
106, 148 Dworzec Główny (Dworcowa)
55%
115, 121, 131, 151, 315 Reja
55%
K, 319 Kamieńskiego (Pętla)
54%
119 Blacharska
53%
124, 134 Księże Więlkie
53%
127, 144 Zwycięska
53%
133 (czasem) Auchan
52%
114 Bieńkowice
52%
118 Rędzin
52%
151 Pawłowice (Widawska)
51%
103 Pracze Odrzańskie
51%
105 Świniary
51%
108 Dworzec Nadodrze
49%
142, 149 Kuźniki
49%
130, 144 Starościńska
49%
115, 118 (czasem) Wojnów (Pętla)
49%
127 Kozia
47%
101, 140, 607 (linia dowozowa) Kwiska
47%
100 Mokry Dwór
47%
102, 103, 104 Plac Jana Pawła II
47%
109 Jarnołtów
46%
121 Kiełczowska (Cmentarz)
45%
142 Karłowice
44%
102 Kosmonautów (Szpital)
44%
133 ROD Bielany
44%
129 Poświęcka (Ośrodek Zdrowia)
43%
315 Swojczyce
42%
125 Tyniecka (Pętla)
41%
107, 109 Plac Solidarności
40%
319 Klecina (Stacja Kolejowa)
39%
147 Kłokoczyce
39%
108 Pracze Widawskie
39%
117 Ratyń
39%
126 Wojszycka
38%
602 (linia dowozowa), 607 (linia dowozowa) Biskupice Podgórne Lg Energy Solution Wrocław I
37%
133 (czasem) C.H. Aleja Bielany
37%
103 (czasem) Janówek
37%
124, 134 Nowy Dwór (Pętla)
37%
120 Trestno (Pętla)
37%
345 (linia okólna) Stadion Olimpijski
36%
104 Rędzińska
35%
123 Metalowców
34%
147 Mulicka
34%
140 Ślazowa
34%
138 Żar
34%
602 (linia dowozowa) Dworzec Główny (Stawowa)
32%
137 Las Mokrzański
29%
Nie znaleziono quizów pasujących do podanych kryteriów
Rozkład punktacji
Procent ludzi z każdym wynikiem
Percentyl według liczby udzielonych odpowiedzi
Twoja historia wyników
Nie rozwiązałeś tego quizu